000 00341nam a22001097a 4500
082 _a004
100 _aअग्रवाल श्‍वेता
_979913
245 _aकम्‍प्‍यूटर जागरूकता
260 _aMeerut
_b Arihant Pub
_c 2020
650 _aकम्‍प्‍यूटर
_979914
942 _cBK
999 _c63455
_d63455